<?xml version="1.0" encoding="UTF-8"?><marc:collection xmlns:marc="http://www.loc.gov/MARC21/slim">
  <marc:record>
    <marc:leader>00000nam  2200000za 4500</marc:leader>
    <marc:controlfield tag="001">9.822542</marc:controlfield>
    <marc:controlfield tag="003">CaOODSP</marc:controlfield>
    <marc:controlfield tag="005">20221107143712</marc:controlfield>
    <marc:controlfield tag="007">cr |||||||||||</marc:controlfield>
    <marc:controlfield tag="008">160812s2005    quc    |o    f|0| 0 eng d</marc:controlfield>
    <marc:datafield tag="040" ind1=" " ind2=" ">
      <marc:subfield code="a">CaOODSP</marc:subfield>
      <marc:subfield code="b">eng</marc:subfield>
    </marc:datafield>
    <marc:datafield tag="043" ind1=" " ind2=" ">
      <marc:subfield code="a">n-cn---</marc:subfield>
    </marc:datafield>
    <marc:datafield tag="086" ind1="1" ind2=" ">
      <marc:subfield code="a">CH6-53/2005E-PDF</marc:subfield>
    </marc:datafield>
    <marc:datafield tag="110" ind1="1" ind2=" ">
      <marc:subfield code="a">Canada. </marc:subfield>
      <marc:subfield code="b">Canadian Heritage.</marc:subfield>
    </marc:datafield>
    <marc:datafield tag="245" ind1="1" ind2="0">
      <marc:subfield code="a">Final report - audit of the Canadian Heritage Information Network (CHIN) </marc:subfield>
      <marc:subfield code="h">[electronic resource] / </marc:subfield>
      <marc:subfield code="c">Deparment of Canadian Heritage.</marc:subfield>
    </marc:datafield>
    <marc:datafield tag="260" ind1=" " ind2=" ">
      <marc:subfield code="a">[Gatineau, Que.] : </marc:subfield>
      <marc:subfield code="b">Canadian Heritage, </marc:subfield>
      <marc:subfield code="c">2005.</marc:subfield>
    </marc:datafield>
    <marc:datafield tag="300" ind1=" " ind2=" ">
      <marc:subfield code="a">[16] p. : </marc:subfield>
      <marc:subfield code="b">tables.</marc:subfield>
    </marc:datafield>
    <marc:datafield tag="500" ind1=" " ind2=" ">
      <marc:subfield code="a">Issued also in French under title: Rapport final - vérification du Réseau canadien d'information sur le partimoine (RCIP).</marc:subfield>
    </marc:datafield>
    <marc:datafield tag="500" ind1=" " ind2=" ">
      <marc:subfield code="a">"October 19, 2005."</marc:subfield>
    </marc:datafield>
    <marc:datafield tag="520" ind1=" " ind2=" ">
      <marc:subfield code="a">The Canadian Heritage Information Network’s (CHIN) role within the Department of Canadian Heritage (PCH) consists of ensuring a unique Canadian presence on the Internet by fostering the collaborative creation of original and innovative Canadian content, making it accessible to Canadians and worldwide audiences in engaging ways through portal services and building the capacity of Canadian heritage professionals to become world leaders in the use of information and communication technologies. CHIN’s goal is to promote an important and visible presence for Canadian heritage organizations in the world of networked information. The objective of this audit was to provide program management with assurance on the soundness of the processes as they pertain to financial management and contracting and to identify opportunities to strengthen management practices. The scope of the audit covered the 2003-2004 fiscal year. ...</marc:subfield>
    </marc:datafield>
    <marc:datafield tag="692" ind1="0" ind2="7">
      <marc:subfield code="2">gccst</marc:subfield>
      <marc:subfield code="a">Audit</marc:subfield>
    </marc:datafield>
    <marc:datafield tag="692" ind1="0" ind2="7">
      <marc:subfield code="2">gccst</marc:subfield>
      <marc:subfield code="a">Heritage</marc:subfield>
    </marc:datafield>
    <marc:datafield tag="692" ind1="0" ind2="7">
      <marc:subfield code="2">gccst</marc:subfield>
      <marc:subfield code="a">Federal programs</marc:subfield>
    </marc:datafield>
    <marc:datafield tag="775" ind1="0" ind2="8">
      <marc:subfield code="t">Rapport final - vérification du Réseau canadien d'information sur le patrimoine (RCIP) </marc:subfield>
      <marc:subfield code="w">(CaOODSP)9.822543</marc:subfield>
    </marc:datafield>
    <marc:datafield tag="856" ind1="4" ind2="0">
      <marc:subfield code="q">PDF</marc:subfield>
      <marc:subfield code="s">91 KB</marc:subfield>
      <marc:subfield code="u">https://publications.gc.ca/collections/collection_2016/pch/CH6-53-2005-eng.pdf</marc:subfield>
    </marc:datafield>
  </marc:record>
</marc:collection>
